00369nam a2200157Ia 45000010006000000050017000060080041000230410008000640820015000721000028000872450037001152600009001523000034001616500008001956540008002031470320260306164933.0260306t1998||||xx |||||||||||||| ||spa|| aESP a515.7bG79 aGreenberg, MichaeleAUT 0aAdvanced engineering mathematics c1998 axix, 1324 páginas :c26 cm. aGEN aCMA